00367nam a2200097Ia 4500008004100000245011000041245002000151260000900171650004100180856004800221171204s9999 xx 000 0 und d a31 Days Before Your CCNA Security Exam: A Day-By-Day Review Guide for the IINS 210-260 Certification Exam cPatrick Gargano c2016 xFUNDAMENTALS OF INFORMATION SECURITY uhttp://down.ebook777.com/044/1587205785.pdf